Central Library OPAC University of Rajshahi

Britain and the Congo question 1885-1913 / (Record no. 27350)

MARC details
000 -LEADER
fixed length control field 00884nam a2200277 4500
001 - CONTROL NUMBER
control field 27350
003 - CONTROL NUMBER IDENTIFIER
rucl marc code BD-RjUL
005 - DATE AND TIME OF LATEST TRANSACTION
control field 20211209051138.0
008 - FIXED-LENGTH DATA ELEMENTS--GENERAL INFORMATION
fixed length control field 140325s1968 enkb b 001 0 eng
035 ## - SYSTEM CONTROL NUMBER
System control number (BD-RjUL)27423
040 ## - CATALOGING SOURCE
Original cataloging agency DLC
Transcribing agency DLC
Modifying agency DLC
-- BD-RjUL
Language of cataloging eng
041 ## - LANGUAGE CODE
Language code of text/sound track or separate title eng
082 00 - DEWEY DECIMAL CLASSIFICATION NUMBER
Classification number 967.502
Author mark and year COB 1968
100 1# - MAIN ENTRY--PERSONAL NAME
Personal name Cookey, S. J. S.
Fuller form of name (Sylvanus John Sodienye),
Dates associated with a name 1934-
9 (RLIN) 84004
245 10 - TITLE STATEMENT
Title Britain and the Congo question 1885-1913 /
Statement of responsibility, etc. S. J. S. Cookey.
260 ## - PUBLICATION, DISTRIBUTION, ETC. (IMPRINT)
Place of publication, distribution, etc. London :
Name of publisher, distributor, etc. Longmans,
Date of publication, distribution, etc. c1968.
300 ## - PHYSICAL DESCRIPTION
Pagination xvi, 340 p. :
Illustrations ill., map. ;
Size 23 cm.
350 ## - PRICE (NR) (BK AM CF MU VM SE) [OBSOLETE]
Price 45/-
490 1# - SERIES STATEMENT
Series statement Ibadan history series
504 ## - BIBLIOGRAPHY, ETC. NOTE
Bibliography, etc Bibliography: p. 319-329. and index.
651 #0 - SUBJECT ADDED ENTRY--GEOGRAPHIC NAME
Geographic name Congo (Democratic Republic)
General subdivision History
Chronological subdivision Early period to 1908.
9 (RLIN) 84005
830 #0 - SERIES ADDED ENTRY--UNIFORM TITLE
Uniform title Ibadan history series (Harlow, England)
942 ## - ADDED ENTRY ELEMENTS (KOHA)
Source of classification or shelving scheme Dewey Decimal Classification
Koha item type Books
Holdings
Lost status Source of classification or shelving scheme Damaged status Not for loan Collection code Permanent Location Current Location Shelving location Date acquired Source of acquisition Cost, normal purchase price Total Checkouts Full call number Date last seen Copy number Koha item type
  Dewey Decimal Classification   Added to bundle Non-fiction Central Library, University of Rajshahi Central Library, University of Rajshahi Reading Room 13/11/1969 Zeitlinger 0.45   967.502 COB 1968 25/03/2014 C-1 Books